000 01523nam a2200289Ia 4500
999 _c55635
_d55635
001 22730
003 GE_BSU
005 20230403105040.0
008 181216s2016||||ge |||||||||||||| ||geo||
040 _cGE_BSU
041 _ageo
080 _a28-3 ლ-63
100 _aლინგსი, მარტინ.
_917343
245 _aცხოვრება მუჰამმედისა /
_c მარტინ ლინგსი (აბუ ბექირ სირაჯ ადდინ); ინგლისურიდან თარგმნა მარიამ ნანობაშვილმა; თეოლ. რედ. რეზო მიქელაძე; საერთაშორისო საქველმოქმედო ფონდი.
250 _aმე-2 გამოცემა.
264 _aსტამბოლი,
_c2016.
300 _a570 გვ.;
_b23 სმ.
504 _aბიბლიოგრ. ტექსტის შენიშვნებში.
541 _h5ლ.
653 _aისლამი
653 _aრელიგია
653 _aმუჰამმედის ცხოვრება
700 _aნანობაშვილი, მარიამ
_eმთარგმნელი
_917344
700 _aმიქელაძე, რეზო
_eთეოლ. რედაქტორი
_917345
710 _aსაერთაშორისო საქველმოქმედო ფონდი
_917346
942 _cBK
_2udc